00342pab a2200133 454500008004000000100002200040245007200062260000900134300000800143362001100151650001400162650001300176773001900189180718b1999 xxu||||| |||| 00| 0 eng d aPhilipose, Pamela aWithstanding the winds of ill fortune: the second battle of Kalinga c1999 ap.8 a10 Nov aDisasters aCyclones aIndian Express